000 00491nam a22001937a 4500
003 LK-CoMWRAF
005 20231206152213.0
008 230924b1994 |||||||| |||| 00| 0 eng d
020 _a1854701738
040 _aLK-CoMWRAF
_dLK-CoMWRAF
_eLK-CoMWRAF
041 _aeng
082 _a746.443
_bCOS
100 _aCoss, Melinda
245 _aThe Cross Stitch House
260 _aLondon:
_bAnaya publishers,
_c1994
300 _a168 p.
_bIndex included
650 _aCROSS STITCH
942 _cBK
999 _c3656
_d3656